[Event "Monarch Assurance Isle of Man 11th"]
[Site "Port Erin IOM"]
[Date "2002.09.28"]
[Round "1.1"]
[White "Ulibin, Mikhail"]
[Black "Williams, Simon K"]
[Result "1/2-1/2"]
[WhiteElo "2589"]
[BlackElo "2421"]
[PlyCount "131"]
[EventDate "2002.09.28"]
[EventType "swiss"]
[EventRounds "9"]
[EventCountry "IOM"]
[SourceTitle "BritBase"]
[SourceDate "2008.07.14"]
[SourceVersion "1"]
[SourceVersionDate "2008.07.14"]
[SourceQuality "2"]

1. d4 f5 2. Nc3 d5 3. Bf4 Nf6 4. e3 e6 5. Nf3 a6 6. Bd3 c5 7. O-O Nc6 8. b3 b5
9. a4 b4 10. Ne2 Be7 11. Rc1 Qb6 12. Ne5 Nxe5 13. Bxe5 O-O 14. c4 bxc3 15. Rxc3
Nd7 16. Bg3 Bb7 17. Qa1 Rfc8 18. Rfc1 Qb4 19. h3 Bf6 20. Qb1 cxd4 21. Rc7 Rxc7
22. Rxc7 Nc5 23. exd4 Bxd4 24. Nxd4 Qxd4 25. Qe1 f4 26. Rxc5 fxg3 27. Qxe6+ Kh8
28. Qe3 gxf2+ 29. Kxf2 Rf8+ 30. Ke2 Qf6 31. Kd2 d4 32. Qe5 Qf2+ 33. Kc1 Qxg2
34. Rc2 Qxh3 35. Qxd4 Qh6+ 36. Kb2 a5 37. Ka2 Bf3 38. Qc3 Qb6 39. Rh2 h5 40.
Bc2 Qd6 41. Rf2 Qd5 {(=)} 42. Rd2 Qg5 43. Rd6 Bg4 44. Rg6 Qe7 45. Rh6+ Kg8 46.
Qc4+ Rf7 47. Ra6 g5 48. Rxa5 Qe3 49. Qd5 Kg7 50. Qxg5+ Qxg5 51. Rxg5+ Kf6 52.
Rg6+ Ke5 53. Ka3 Kf4 54. Rh6 Kg3 55. Be4 h4 56. a5 h3 57. a6 h2 58. b4 Rf1 59.
b5 Bf3 60. Bxf3 Rxf3+ 61. Ka2 Rf2+ 62. Kb3 Rf3+ 63. Kc2 Rf2+ 64. Kc3 Rf3+ 65.
Kd2 Rf2+ 66. Kc3 1/2-1/2

[Event "Monarch Assurance Isle of Man 11th"]
[Site "Port Erin IOM"]
[Date "2002.09.28"]
[Round "1.2"]
[White "Tyomkin, Dimitri"]
[Black "Epishin, Vladimir"]
[Result "1/2-1/2"]
[WhiteElo "2482"]
[BlackElo "2643"]
[PlyCount "43"]
[EventDate "2002.09.28"]
[EventType "swiss"]
[EventRounds "9"]
[EventCountry "IOM"]
[SourceTitle "BritBase"]
[SourceDate "2008.07.14"]
[SourceVersion "1"]
[SourceVersionDate "2008.07.14"]
[SourceQuality "2"]

1. d4 Nf6 2. Nf3 e6 3. Bg5 Be7 4. Nbd2 d6 5. c3 Nbd7 6. e4 h6 7. Bxf6 Bxf6 8.
Bd3 e5 9. dxe5 Bxe5 10. Nxe5 Nxe5 11. Be2 O-O 12. O-O b6 13. f4 Nd7 14. Qc2 Bb7
15. Rae1 Re8 16. Bc4 Re7 17. Nf3 Qe8 18. Bd5 c6 19. Bc4 b5 20. Bd3 Rd8 21. Nd4
Nc5 22. Nf5 1/2-1/2

[Event "Monarch Assurance Isle of Man 11th"]
[Site "Port Erin IOM"]
[Date "2002.09.28"]
[Round "1.3"]
[White "Dautov, Rustem"]
[Black "Peralta, Fernando"]
[Result "1-0"]
[WhiteElo "2617"]
[BlackElo "2499"]
[PlyCount "109"]
[EventDate "2002.09.28"]
[EventType "swiss"]
[EventRounds "9"]
[EventCountry "IOM"]
[SourceTitle "BritBase"]
[SourceDate "2008.07.14"]
[SourceVersion "1"]
[SourceVersionDate "2008.07.14"]
[SourceQuality "2"]

1. d4 f5 2. g3 Nf6 3. Bg2 e6 4. c4 c6 5. Nh3 d5 6. O-O Bd6 7. Qc2 O-O 8. Nd2 b6
9. Nf3 Ne4 10. Nf4 Qe7 11. Nd3 Bb7 12. Bf4 Bxf4 13. Nxf4 Nd7 14. Rfd1 Nd6 15.
cxd5 exd5 16. Rac1 g5 17. Nd3 Nf7 18. e3 a5 19. b3 Qf6 20. Qd2 Rac8 21. Rc2 Kh8
22. Rdc1 Rfe8 23. Rc3 Ba6 24. Qc2 Bxd3 25. Qxd3 Nb8 26. Qd1 Re6 27. h4 h6 28.
hxg5 hxg5 29. Ne5 Nxe5 30. dxe5 Rxe5 31. Bxd5 Kg7 32. Bg2 Rd8 33. Rd3 Ree8 34.
Rxd8 Rxd8 35. Qc2 c5 36. Bh3 g4 37. Bg2 Rd6 38. Rd1 Rxd1+ 39. Qxd1 Nc6 40. Qd7+
Ne7 41. e4 Kf7 42. Bf1 fxe4 43. Bc4+ Kf8 44. Qxg4 Qe5 45. a4 Nf5 46. Qg5 e3 47.
f4 e2 48. Qd8+ Kg7 49. Qg8+ Kh6 50. Qg5+ Kh7 51. fxe5 e1=Q+ 52. Kh2 Qf2+ 53.
Kh3 Qf3 54. Qg8+ Kh6 55. Qf8+ 1-0

[Event "Monarch Assurance Isle of Man 11th"]
[Site "Port Erin IOM"]
[Date "2002.09.28"]
[Round "1.5"]
[White "Neverov, Valery"]
[Black "Grunberg, Mihai"]
[Result "1-0"]
[WhiteElo "2587"]
[BlackElo "2445"]
[PlyCount "45"]
[EventDate "2002.09.28"]
[EventType "swiss"]
[EventRounds "9"]
[EventCountry "IOM"]
[SourceTitle "BritBase"]
[SourceDate "2008.07.14"]
[SourceVersion "1"]
[SourceVersionDate "2008.07.14"]
[SourceQuality "2"]

1. d4 f5 2. Nc3 d5 3. Bf4 Nf6 4. e3 e6 5. Nf3 c6 6. Bd3 Bd6 7. O-O Qc7 8. Ne2
Nbd7 9. c4 e5 10. dxe5 Nxe5 11. Nxe5 Bxe5 12. Qb3 Bxf4 13. Nxf4 d4 14. Rae1 O-O
15. c5+ Kh8 16. Qc4 Rd8 17. g3 dxe3 18. Rxe3 b5 19. Qc3 Rb8 20. Rfe1 Rb7 21.
Nh5 Ng8 22. Re8 b4 23. Qb3 1-0

[Event "Monarch Assurance Isle of Man 11th"]
[Site "Port Erin IOM"]
[Date "2002.09.28"]
[Round "1.6"]
[White "Palliser, Richard"]
[Black "Sulskis, Sarunas"]
[Result "1/2-1/2"]
[WhiteElo "2441"]
[BlackElo "2577"]
[PlyCount "93"]
[EventDate "2002.09.28"]
[EventType "swiss"]
[EventRounds "9"]
[EventCountry "IOM"]
[SourceTitle "BritBase"]
[SourceDate "2008.07.14"]
[SourceVersion "1"]
[SourceVersionDate "2008.07.14"]
[SourceQuality "2"]

1. d4 d5 2. c4 dxc4 3. Nf3 Nf6 4. e3 e6 5. Bxc4 c5 6. Qe2 cxd4 7. exd4 Bb4+ 8.
Nc3 O-O 9. O-O b6 10. Bg5 Bxc3 11. bxc3 Bb7 12. Ne5 Nbd7 13. Rfd1 Qc7 14. Nxd7
Nxd7 15. Rac1 Rfe8 16. Bd3 e5 17. Qg4 g6 18. d5 a6 19. d6 Qc6 20. Bc2 f6 21.
Be3 Rad8 22. Rb1 Kg7 23. Qh3 b5 24. Rb4 Nf8 25. Bh6+ Kg8 26. Rh4 Rxd6 27. Bxf8
Rxd1+ 28. Bxd1 h5 29. Ba3 Rd8 30. Bb3+ Kg7 31. Qg3 Rd3 32. f3 Qxc3 33. h3 Bxf3
34. Bb4 Qc1+ 35. Kh2 g5 36. Rxh5 Bxh5 37. Qxd3 Qf4+ 38. Kh1 Qc1+ 39. Kh2 Qf4+
40. Kh1 Qxb4 41. Qd7+ Kh6 42. Qd8 g4 43. Qxf6+ Bg6 44. Qh8+ Bh7 45. Qf6+ Bg6
46. Qh8+ Bh7 47. Qf6+ 1/2-1/2

[Event "Monarch Assurance Isle of Man 11th"]
[Site "Port Erin IOM"]
[Date "2002.09.28"]
[Round "1.7"]
[White "Cioara, Andrei Nestor"]
[Black "Fridman, Daniel"]
[Result "0-1"]
[WhiteElo "2414"]
[BlackElo "2577"]
[PlyCount "52"]
[EventDate "2002.09.28"]
[EventType "swiss"]
[EventRounds "9"]
[EventCountry "IOM"]
[SourceTitle "BritBase"]
[SourceDate "2008.07.14"]
[SourceVersion "1"]
[SourceVersionDate "2008.07.14"]
[SourceQuality "2"]

1. e4 d6 2. d4 Nf6 3. Nc3 g6 4. f4 Bg7 5. Nf3 O-O 6. Bd3 Na6 7. O-O c5 8. d5
Rb8 9. a4 Nb4 10. f5 gxf5 11. exf5 Nxd3 12. Qxd3 Qb6 13. a5 Qa6 14. Qe3 Bxf5
15. Nh4 Bxc2 16. Nf5 Bxf5 17. Rxf5 b5 18. Qh3 b4 19. Bh6 bxc3 20. Qg3 Ne8 21.
Rg5 cxb2 22. Rb1 Qc4 23. Rxg7+ Kh8 24. Rxh7+ Kxh7 25. Bf4 Qe4 26. Qh4+ Kg8 0-1

[Event "Monarch Assurance Isle of Man 11th"]
[Site "Port Erin IOM"]
[Date "2002.09.28"]
[Round "1.10"]
[White "Zapata, Alonso"]
[Black "Welling, Gerard"]
[Result "1-0"]
[WhiteElo "2549"]
[BlackElo "2393"]
[PlyCount "63"]
[EventDate "2002.09.28"]
[EventType "swiss"]
[EventRounds "9"]
[EventCountry "IOM"]
[SourceTitle "BritBase"]
[SourceDate "2008.07.14"]
[SourceVersion "1"]
[SourceVersionDate "2008.07.14"]
[SourceQuality "2"]

1. e4 d5 2. exd5 Qxd5 3. Nc3 Qa5 4. d4 Nf6 5. Nf3 c6 6. Ne5 Be6 7. Bc4 Bxc4 8.
Nxc4 Qd8 9. O-O e6 10. Bg5 Be7 11. Re1 Nbd7 12. Qf3 O-O 13. Rad1 Nd5 14. Bxe7
Nxe7 15. Ne4 Nf5 16. c3 Nf6 17. Nc5 b6 18. Na6 Qc8 19. Nb4 c5 20. dxc5 Qxc5 21.
Ne5 Rad8 22. Nbc6 Rxd1 23. Rxd1 a5 24. b4 axb4 25. cxb4 Qc2 26. g4 Nxg4 27.
Qxg4 f6 28. Ne7+ Nxe7 29. Qxe6+ Kh8 30. Rd8 Qc1+ 31. Kg2 Qg5+ 32. Kf1 1-0

[Event "Monarch Assurance Isle of Man 11th"]
[Site "Port Erin IOM"]
[Date "2002.09.28"]
[Round "1.11"]
[White "Collins, Sam IRL"]
[Black "Goloshchapov, Alexander"]
[Result "0-1"]
[WhiteElo "2313"]
[BlackElo "2544"]
[PlyCount "154"]
[EventDate "2002.09.28"]
[EventType "swiss"]
[EventRounds "9"]
[EventCountry "IOM"]
[SourceTitle "BritBase"]
[SourceDate "2008.07.14"]
[SourceVersion "1"]
[SourceVersionDate "2008.07.14"]
[SourceQuality "2"]

1. e4 c5 2. Nf3 e6 3. Nc3 a6 4. d4 cxd4 5. Nxd4 Qc7 6. Be2 Nf6 7. O-O Nc6 8.
Be3 Be7 9. f4 d6 10. Qe1 O-O 11. Qg3 Nxd4 12. Bxd4 b5 13. a3 Bb7 14. Rae1 Rad8
15. Bd3 e5 16. fxe5 Nh5 17. Qf2 dxe5 18. Bb6 Qc8 19. Kh1 Rd6 20. Be3 g6 21. Bh6
Rf6 22. Qe2 Re8 23. Rxf6 Bxf6 24. a4 Nf4 25. Qf3 bxa4 26. Nxa4 Bg7 27. Bxg7
Kxg7 28. b4 Ne6 29. Rf1 f5 30. Qg3 Nf4 31. Nc5 fxe4 32. Nxe4 Qc6 33. Qf3 Rf8
34. Nc5 Qxf3 {(=)} 35. gxf3 Nxd3 36. Ne6+ Kh6 37. Nxf8 Nxb4 38. Nd7 e4 39. Nc5
e3 40. Nxb7 Nxc2 41. Nc5 e2 42. Rc1 e1=Q+ 43. Rxe1 Nxe1 44. Nxa6 Kg5 45. Nc5 h5
46. Kg1 Nxf3+ 47. Kg2 Nd4 48. Nd3 Kf5 49. h3 g5 50. Kf2 Ne6 51. Kf3 Nf4 52. Nf2
Ng6 53. Nd3 Nh4+ 54. Ke3 Ng2+ 55. Kf3 Nf4 56. Nf2 Ng6 57. Nd3 Ne7 58. Nf2 Nc6
59. Nd3 Ne5+ 60. Nxe5 Kxe5 61. Ke3 Kf6 62. Kf2 Kg6 63. Kg2 Kg7 64. Kg1 Kf6 65.
Kf2 Ke7 66. Ke3 Kd6 67. Kd4 (67. Kd2 $1 $11) 67... Ke6 68. Ke4 Kf6 69. Kd3 Kf5
70. Ke3 Ke5 71. Kf3 Kd4 72. Ke2 Ke4 73. Kf2 Kf4 74. Kg2 Ke3 75. Kg3 h4+ 76. Kg4
Kf2 77. Kxg5 Kg3 0-1

[Event "Monarch Assurance Isle of Man 11th"]
[Site "Port Erin IOM"]
[Date "2002.09.28"]
[Round "1.12"]
[White "Lalic, Bogdan"]
[Black "Gladyszev, Oleg"]
[Result "1/2-1/2"]
[WhiteElo "2540"]
[BlackElo "2388"]
[PlyCount "29"]
[EventDate "2002.09.28"]
[EventType "swiss"]
[EventRounds "9"]
[EventCountry "IOM"]
[SourceTitle "BritBase"]
[SourceDate "2008.07.14"]
[SourceVersion "1"]
[SourceVersionDate "2008.07.14"]
[SourceQuality "2"]

1. d4 Nf6 2. c4 g6 3. g3 Bg7 4. Bg2 O-O 5. Nc3 d6 6. Nf3 Nbd7 7. O-O e5 8. e4
c6 9. Be3 Ng4 10. Bg5 Qb6 11. h3 Ngf6 12. Rb1 exd4 13. Nxd4 Qc5 14. Nf3 Ne5 15.
Nxe5 1/2-1/2

[Event "Monarch Assurance Isle of Man 11th"]
[Site "Port Erin IOM"]
[Date "2002.09.28"]
[Round "1.13"]
[White "Hinks-Edwards, Thomas"]
[Black "Hebden, Mark"]
[Result "0-1"]
[WhiteElo "2363"]
[BlackElo "2534"]
[PlyCount "80"]
[EventDate "2002.09.28"]
[EventType "swiss"]
[EventRounds "9"]
[EventCountry "IOM"]
[SourceTitle "BritBase"]
[SourceDate "2008.07.14"]
[SourceVersion "1"]
[SourceVersionDate "2008.07.14"]
[SourceQuality "2"]

1. e4 e5 2. Nf3 Nc6 3. Bb5 a6 4. Ba4 Nf6 5. O-O Be7 6. Re1 b5 7. Bb3 O-O 8. d4
d6 9. c3 Bg4 10. Be3 exd4 11. cxd4 d5 12. e5 Ne4 13. Nc3 Nxc3 14. bxc3 f5 15.
a4 Na5 16. Bc2 Nc4 17. Bc1 b4 18. Qd3 bxc3 19. Qxc3 a5 20. Qd3 Bb4 21. Rd1 Ra6
22. h3 Bh5 23. Bb3 Rc6 24. Bg5 Qd7 25. Rac1 Qe6 26. Qe2 f4 27. Bxc4 Rxc4 28.
Rxc4 dxc4 29. Qe4 Qf5 30. Qxf5 Rxf5 31. Bd8 c3 32. Bxc7 Bxf3 33. gxf3 Ba3 34.
d5 c2 35. Re1 c1=Q 36. Rxc1 Bxc1 37. d6 Ba3 38. e6 Rd5 39. d7 Be7 40. Bxf4 g5
0-1

[Event "Monarch Assurance Isle of Man 11th"]
[Site "Port Erin IOM"]
[Date "2002.09.28"]
[Round "1.14"]
[White "Kogan, Artur"]
[Black "Pert, Richard"]
[Result "1/2-1/2"]
[WhiteElo "2530"]
[BlackElo "2357"]
[PlyCount "89"]
[EventDate "2002.09.28"]
[EventType "swiss"]
[EventRounds "9"]
[EventCountry "IOM"]
[SourceTitle "BritBase"]
[SourceDate "2008.07.14"]
[SourceVersion "1"]
[SourceVersionDate "2008.07.14"]
[SourceQuality "2"]

1. e4 c5 2. Nf3 d6 3. Nc3 Nc6 4. g3 g6 5. Bg2 Bg7 6. d3 e5 7. Nd2 Nge7 8. Nc4
Nd4 9. O-O Be6 10. f4 f6 11. f5 Bf7 12. Ne3 gxf5 13. Ncd5 Nxd5 14. exd5 Bh6 15.
c3 Bxe3+ 16. Bxe3 f4 17. gxf4 Nf5 18. Qa4+ Qd7 19. Qxd7+ Kxd7 20. Bh3 Rhg8+ 21.
Kf2 Bg6 22. Ke2 Raf8 23. Kd2 Kd8 24. Bg1 Nh4 25. b4 cxb4 26. Bxa7 bxc3+ 27.
Kxc3 Bf7 28. fxe5 fxe5 29. Be3 Ke7 30. Bh6 Ra8 31. Rxf7+ Kxf7 32. Be6+ Kg6 33.
Bxg8 Kxh6 34. Be6 Kg5 35. Rb1 Rxa2 36. Rxb7 Rxh2 37. Rd7 Nf5 38. Bxf5 Kxf5 39.
Rxd6 Rh3 40. Kc4 Rh4+ 41. Kc3 Rh3 42. Re6 Rh4 43. Re7 Rd4 44. Rxh7 Rxd5 45. Rh4
1/2-1/2

[Event "Monarch Assurance Isle of Man 11th"]
[Site "Port Erin IOM"]
[Date "2002.09.28"]
[Round "1.16"]
[White "Ward, Chris"]
[Black "Cooper, Lawrence"]
[Result "1-0"]
[WhiteElo "2498"]
[BlackElo "2349"]
[PlyCount "96"]
[EventDate "2002.09.28"]
[EventType "swiss"]
[EventRounds "9"]
[EventCountry "IOM"]
[SourceTitle "BritBase"]
[SourceDate "2008.07.14"]
[SourceVersion "1"]
[SourceVersionDate "2008.07.14"]
[SourceQuality "2"]

1. d4 Nf6 2. c4 e6 3. Nc3 Bb4 4. e3 b6 5. f3 c5 6. d5 Bxc3+ 7. bxc3 d6 8. e4
O-O 9. Ne2 Qe7 10. Ng3 Nbd7 11. Be2 Rd8 12. O-O Nf8 13. Bg5 h6 14. Bd2 e5 15.
Be3 Ng6 16. Qd2 Qe8 17. a4 a5 18. Bd3 Bd7 19. Nf5 Bxf5 20. exf5 Nf8 21. Bc2
N8d7 22. Rae1 Nh7 23. g4 Qe7 24. Qf2 Ng5 25. Qg3 f6 26. h4 Nf7 27. Re2 Kf8 28.
Bc1 Ra7 29. Rfe1 Rda8 30. Rg2 Re8 31. Qh3 Rea8 32. Kh1 Ke8 33. f4 Kd8 34. g5
hxg5 35. fxg5 fxg5 36. hxg5 Kc7 37. Qg4 Rh8+ 38. Rh2 Rxh2+ {(=)} 39. Kxh2 Ra8
40. Kg2 Rh8 41. Rh1 Rxh1 42. Kxh1 Qf8 43. Kg2 Qe8 44. g6 Nd8 45. Bg5 Qf8 46.
Qh4 Nb7 47. Be7 Qe8 48. f6 Nxf6 1-0

[Event "Monarch Assurance Isle of Man 11th"]
[Site "Port Erin IOM"]
[Date "2002.09.28"]
[Round "1.17"]
[White "Daly, Colm"]
[Black "Miezis, Normunds"]
[Result "1/2-1/2"]
[WhiteElo "2338"]
[BlackElo "2510"]
[PlyCount "132"]
[EventDate "2002.09.28"]
[EventType "swiss"]
[EventRounds "9"]
[EventCountry "IOM"]
[SourceTitle "BritBase"]
[SourceDate "2008.07.14"]
[SourceVersion "1"]
[SourceVersionDate "2008.07.14"]
[SourceQuality "2"]

1. e4 c5 2. Nf3 e6 3. d4 cxd4 4. Nxd4 a6 5. Bd3 Nc6 6. Nxc6 bxc6 7. O-O d5 8.
c4 Nf6 9. Nc3 Be7 10. cxd5 cxd5 11. exd5 exd5 12. Be3 Rb8 13. Bd4 Rb4 14. Ne2
Bd6 15. g3 O-O 16. a3 Rb8 17. Qc2 Re8 18. Rfe1 Ne4 19. Nc3 Ng5 20. Rxe8+ Qxe8
21. Be2 Be5 22. Rd1 Bb7 23. Qf5 Bxd4 24. Rxd4 h6 25. h4 Ne6 26. Rb4 a5 27. Rb6
Ba8 28. Rxb8 Qxb8 29. Bh5 Qb7 30. Nxd5 Kh8 31. Bxf7 Qxd5 32. Qxd5 Bxd5 33. Kf1
Nf4 34. Bxd5 Nxd5 35. Ke2 Kg8 36. Kd3 Nb6 37. Kd4 Kf7 38. b3 Ke6 39. Kc5 Nd5
40. f3 Nc3 41. a4 Ne2 42. g4 Nc1 43. Kc4 Kd6 44. f4 Ne2 45. f5 Ke5 46. b4 axb4
47. Kxb4 Nd4 48. Kc4 h5 49. gxh5 Nxf5 50. a5 Nd6+ 51. Kb4 Kd4 52. a6 Nc8 53.
Kb5 Kd5 54. Kb4 Na7 55. Kc3 Nc6 56. Kd3 Nb4+ 57. Ke3 Nxa6 58. Kf4 Ke6 59. Kg5
Nc7 60. h6 gxh6+ 61. Kxh6 Kf6 62. Kh7 Kf7 63. Kh6 Kf6 64. Kh7 Ne6 65. Kg8 Kg6
66. h5+ Kxh5 1/2-1/2

[Event "Monarch Assurance Isle of Man 11th"]
[Site "Port Erin IOM"]
[Date "2002.09.28"]
[Round "1.18"]
[White "Ellison, D George"]
[Black "Orr, Mark JL"]
[Result "0-1"]
[WhiteElo "2116"]
[BlackElo "2332"]
[PlyCount "124"]
[EventDate "2002.09.28"]
[EventType "swiss"]
[EventRounds "9"]
[EventCountry "IOM"]
[SourceTitle "BritBase"]
[SourceDate "2008.07.14"]
[SourceVersion "1"]
[SourceVersionDate "2008.07.14"]
[SourceQuality "2"]

1. e4 e6 2. d4 d5 3. e5 c5 4. c3 Qb6 5. Nf3 Bd7 6. Be2 cxd4 7. cxd4 Bb5 8. O-O
Bxe2 9. Qxe2 Nc6 10. Nc3 Nge7 11. Be3 Nf5 12. Qd3 Nxe3 13. fxe3 Be7 14. e4 dxe4
15. Nxe4 Rd8 16. Rfd1 O-O 17. Rd2 Rd7 18. Rad1 Rfd8 19. Qe3 Nb4 20. a3 Nd5 21.
Qf2 Rc8 22. Nfg5 Bxg5 23. Nxg5 Qb3 24. Re1 Rdc7 25. Ne4 Rc1 26. Nc5 Rxe1+ 27.
Qxe1 Qb5 28. Qe2 Qxe2 29. Rxe2 b6 30. Nb3 Kf8 31. Kf2 Rc4 32. Rd2 a5 33. Ke2 a4
34. Na1 f6 35. exf6 gxf6 36. Nc2 Ke7 37. Ne3 Nxe3 38. Kxe3 Kd6 39. g4 Kd5 40.
h3 Rc1 41. Rf2 Rh1 42. Rxf6 Rxh3+ 43. Kd2 Rh4 44. Rf7 Rxg4 45. Rxh7 Kxd4 46.
Rb7 Rg2+ 47. Kc1 Kc5 48. Rc7+ Kd5 49. Rb7 Kc6 50. Ra7 Rg4 51. Kc2 e5 52. Kd3 b5
53. Re7 Rg3+ 54. Kc2 Kd5 55. Rd7+ Ke4 56. Rb7 Rb3 57. Rh7 Kd4 58. Rh2 e4 59.
Kd1 e3 60. Kc2 Ke4 61. Re2 Kf3 62. Kd1 b4 0-1

[Event "Monarch Assurance Isle of Man 11th"]
[Site "Port Erin IOM"]
[Date "2002.09.28"]
[Round "1.19"]
[White "Hanley, Craig A"]
[Black "Goodger, Martyn"]
[Result "1-0"]
[WhiteElo "2331"]
[BlackElo "2133"]
[PlyCount "63"]
[EventDate "2002.09.28"]
[EventType "swiss"]
[EventRounds "9"]
[EventCountry "IOM"]
[SourceTitle "BritBase"]
[SourceDate "2008.07.14"]
[SourceVersion "1"]
[SourceVersionDate "2008.07.14"]
[SourceQuality "2"]

1. c4 f5 2. Nf3 Nf6 3. g3 g6 4. Bg2 Bg7 5. d4 d6 6. O-O O-O 7. Nc3 Qe8 8. d5 a5
9. Rb1 Na6 10. a3 Nc5 11. Nb5 Na6 12. Nfd4 Bd7 13. b4 c6 14. Nc3 axb4 15. axb4
Rc8 16. dxc6 bxc6 17. b5 cxb5 18. cxb5 Rxc3 19. bxa6 Ne4 20. Bxe4 fxe4 21. Be3
Bh3 22. Qd2 Qc8 23. Qa2+ Kh8 24. Rfc1 Rxc1+ 25. Rxc1 Qd7 26. a7 Ra8 27. Nc6 Be6
28. Qb1 Bd5 29. Qb8+ Qc8 30. Nxe7 Rxb8 31. Rxc8+ Rxc8 32. Nxc8 1-0

[Event "Monarch Assurance Isle of Man 11th"]
[Site "Port Erin IOM"]
[Date "2002.09.28"]
[Round "1.20"]
[White "Lutton, J Ezra"]
[Black "Dougherty, Michael"]
[Result "1-0"]
[WhiteElo "2113"]
[BlackElo "2320"]
[PlyCount "43"]
[EventDate "2002.09.28"]
[EventType "swiss"]
[EventRounds "9"]
[EventCountry "IOM"]
[SourceTitle "BritBase"]
[SourceDate "2008.07.14"]
[SourceVersion "1"]
[SourceVersionDate "2008.07.14"]
[SourceQuality "2"]

1. Nc3 c5 2. e4 e6 3. f4 a6 4. Nf3 Nc6 5. Be2 d5 6. d3 Nf6 7. O-O Be7 8. Qe1 d4
9. Nb1 b5 10. Ne5 Bb7 11. Qg3 O-O 12. Nxc6 Bxc6 13. f5 Kh8 14. Nd2 e5 15. Nf3
Nd7 16. Bg5 f6 17. Bd2 c4 18. Nh4 Qe8 19. Ng6+ hxg6 20. fxg6 Kg8 21. Rf5 Nc5
22. Rh5 1-0

[Event "Monarch Assurance Isle of Man 11th"]
[Site "Port Erin IOM"]
[Date "2002.09.28"]
[Round "1.21"]
[White "Cafolla, Peter"]
[Black "Harborne, Matthew"]
[Result "0-1"]
[WhiteElo "2109"]
[BlackElo "2075"]
[PlyCount "68"]
[EventDate "2002.09.28"]
[EventType "swiss"]
[EventRounds "9"]
[EventCountry "IOM"]
[SourceTitle "BritBase"]
[SourceDate "2008.07.14"]
[SourceVersion "1"]
[SourceVersionDate "2008.07.14"]
[SourceQuality "2"]

1. d4 Nf6 2. c4 e6 3. Nc3 Bb4 4. g3 c5 5. e3 Nc6 6. Nge2 d5 7. cxd5 Qxd5 8. Rg1
Qh5 9. Bg2 O-O 10. a3 Bxc3+ 11. bxc3 cxd4 12. exd4 Qxh2 13. Bg5 Qh5 14. Bxf6
gxf6 15. Be4 h6 16. Rh1 Qg5 17. f4 Qg7 18. Kf2 f5 19. Bf3 Ne7 20. Qb3 Rb8 21.
Rh5 Kh7 22. Rah1 Ng8 23. Qc2 Kh8 24. g4 fxg4 25. Bxg4 f5 26. Bf3 Rf6 27. Nc1
Bd7 28. c4 Be8 29. R5h4 Rg6 30. Qd3 Rd8 31. Ke3 Bc6 32. Bxc6 bxc6 33. Ne2 Nf6
34. Rb1 Rg3+ 0-1

[Event "Monarch Assurance Isle of Man 11th"]
[Site "Port Erin IOM"]
[Date "2002.09.28"]
[Round "1.22"]
[White "Shepherd, Michael"]
[Black "Marchand, Francois"]
[Result "0-1"]
[WhiteElo "2071"]
[BlackElo "2237"]
[PlyCount "70"]
[EventDate "2002.09.28"]
[EventType "swiss"]
[EventRounds "9"]
[EventCountry "IOM"]
[SourceTitle "BritBase"]
[SourceDate "2008.07.14"]
[SourceVersion "1"]
[SourceVersionDate "2008.07.14"]
[SourceQuality "2"]

1. d4 Nf6 2. c4 e5 3. dxe5 Ng4 4. Bf4 Nc6 5. Nf3 Bb4+ 6. Nbd2 Qe7 7. e3 Ngxe5
8. Nxe5 Nxe5 9. Be2 O-O 10. O-O Ng6 11. Bg3 Bd6 12. Bxd6 Qxd6 13. Qc2 Qe7 14.
c5 d6 15. cxd6 Qxd6 16. Rac1 c6 17. Rfd1 Qe7 18. Nc4 Be6 19. Rd2 Bd5 20. Bd3
Nh4 21. e4 Bxc4 22. Bxc4 Qg5 23. f4 Qxf4 24. Rf1 Qe3+ 25. Kh1 Kh8 26. Rd7 Rad8
27. Rdxf7 Rxf7 28. Rxf7 h5 29. e5 Qxe5 30. Qf2 Rd1+ 31. Bf1 Qg5 32. Rf8+ Kh7
33. Qc2+ Ng6 34. Rf5 Rc1 35. Rxg5 Rxf1# 0-1

[Event "Monarch Assurance Isle of Man 11th"]
[Site "Port Erin IOM"]
[Date "2002.09.28"]
[Round "1.23"]
[White "Palus, Ryszard"]
[Black "Ormsby, Alan"]
[Result "1-0"]
[WhiteElo "2232"]
[BlackElo "2069"]
[PlyCount "81"]
[EventDate "2002.09.28"]
[EventType "swiss"]
[EventRounds "9"]
[EventCountry "IOM"]
[SourceTitle "BritBase"]
[SourceDate "2008.07.14"]
[SourceVersion "1"]
[SourceVersionDate "2008.07.14"]
[SourceQuality "2"]

1. d4 Nf6 2. c4 c6 3. Nc3 d5 4. e3 a6 5. b3 b5 6. Bd3 Bg4 7. Nge2 e6 8. O-O Be7
9. Qc2 Bh5 10. a3 Bg6 11. e4 dxe4 12. Nxe4 Nbd7 13. Rd1 Rc8 14. Nc5 Nxc5 15.
dxc5 Qc7 16. b4 Bxd3 17. Rxd3 O-O 18. Bb2 Rfd8 19. Rh3 g6 20. Re1 Rd7 21. Rf3
Qd8 22. Qc3 Rd1 23. Kf1 Rxe1+ 24. Kxe1 h5 25. cxb5 axb5 26. Rxf6 Bxf6 27. Qxf6
Qxf6 28. Bxf6 Kf8 29. Kd2 Ke8 30. Kc2 Kd7 31. Nd4 Re8 32. Be5 Ra8 33. Kb3 Ra6
34. Nf3 Ke8 35. Bf6 Ra8 36. Ne5 Rc8 37. h4 Rc7 38. f3 Rc8 39. g4 Rc7 40. gxh5
gxh5 41. a4 1-0

[Event "Monarch Assurance Isle of Man 11th"]
[Site "Port Erin IOM"]
[Date "2002.09.28"]
[Round "1.24"]
[White "Purton, Ben"]
[Black "Rayner, Francis"]
[Result "0-1"]
[WhiteElo "2067"]
[BlackElo "2219"]
[PlyCount "74"]
[EventDate "2002.09.28"]
[EventType "swiss"]
[EventRounds "9"]
[EventCountry "IOM"]
[SourceTitle "BritBase"]
[SourceDate "2008.07.14"]
[SourceVersion "1"]
[SourceVersionDate "2008.07.14"]
[SourceQuality "2"]

1. e4 c5 2. Nc3 Nc6 3. f4 g6 4. Nf3 Bg7 5. Bc4 e6 6. f5 Nge7 7. fxe6 dxe6 8. d3
O-O 9. O-O a6 10. Be3 b5 11. Bb3 Nd4 12. Bxd4 cxd4 13. Ne2 Nc6 14. c3 dxc3 15.
bxc3 Bb7 16. d4 Na5 17. Ng3 Rc8 18. Rc1 Nc4 19. Bxc4 Rxc4 20. Nd2 Rxc3 21. Nb3
Rxc1 22. Qxc1 Bxd4+ 23. Kh1 Be5 24. Nc5 Qh4 25. Nxb7 Bxg3 26. h3 Qxe4 27. Nc5
Qc4 28. Nxa6 Qxa2 29. Nb4 Qc4 30. Qb1 Bb8 31. Nc2 Qc7 32. Kg1 Rc8 33. Ne1 Qh2+
34. Kf2 Ba7+ 35. Kf3 Rc3+ 36. Nd3 Qe5 37. Re1 Rxd3+ 0-1